| 000 | 00655nam a2200229Ia 4500 | ||
|---|---|---|---|
| 005 | 20240212095515.0 | ||
| 008 | 131103s9999 xx 000 0 und d | ||
| 020 |
_a041532776 8 _cGBP 19.99 |
||
| 040 | _aLoreto College | ||
| 041 | _aEnglish | ||
| 082 |
_a370 _bBAL |
||
| 245 | 4 |
_aThe RoutledgeFalmer reader in sociology of education _cEdited by Stephen J.Ball |
|
| 260 |
_aLondon _bRoutledge Falmer _c2004 |
||
| 300 |
_axii, 299 p. _b ill.,tables |
||
| 440 | _aReaders In Education | ||
| 504 | _aIncludes references | ||
| 650 | _aEducation | ||
| 651 | _aSociology of Education | ||
| 700 | _aBall, Stephen J.,ed. | ||
| 850 | _aLCLIB | ||
| 942 | _cBK | ||
| 999 |
_c2844 _d53323 |
||